Sobre las meningococias en la infancia (Record no. 132691)

MARC details
000 -LEADER
campo de control de longitud fija 00492nam a2200145 4500
001 - NÚMERO DE CONTROL
campo de control 132691
003 - IDENTIFICADOR DE NÚMERO DE CONTROL
campo de control ES-MaACL
005 - FECHA Y HORA DE LA ÚLTIMA TRANSACCIÓN
campo de control 20230906194228.0
007 - CAMPO FIJO DE DESCRIPCIÓN FÍSICA--INFORMACIÓN GENERAL
campo de control de longitud fija t|
008 - DATOS DE LONGITUD FIJA--INFORMACIÓN GENERAL
campo de control de longitud fija 070214s1921 sp r ||||1| spa d
100 1# - ENTRADA PRINCIPAL--NOMBRE DE PERSONA
Nombre de persona Romeo Lozano, Aurelio.
9 (RLIN) 99283
245 10 - MENCIÓN DEL TÍTULO
Título Sobre las meningococias en la infancia
Resto del título : ( estudio basado en la observación personal de catorce casos) /
Mención de responsabilidad, etc. Aurelio Romeo Lozano.
260 ## - PUBLICACIÓN, DISTRIBUCIÓN, ETC.
Lugar de publicación, distribución, etc. Madrid :
Nombre del editor, distribuidor, etc. [s.n.],
Fecha de publicación, distribución, etc. 1921 (
Fabricante Imp. Gráf. Universal)
852 ## - LOCALIZACIÓN
Ubicación ES-MaACL
Número de control de estantería 1606-F-11
Holdings
Estatus retirado Estado de pérdida Estado de daño No para préstamo Colección Biblioteca de origen Biblioteca actual Ubicación en estantería Fecha de adquisición Fuente de adquisición Total de préstamos Signatura topográfica completa Código de barras Visto por última vez Precio de reemplazo Tipo de ítem Koha
        Colección de folletos Biblioteca del Ateneo de Madrid Biblioteca del Ateneo de Madrid Depósito folletos 17/01/2008     1606-F-11 1138142 23/02/2023 23/02/2023 Folleto